Trend Top 2002 - ročenka
Výročné ceny Trendu. Najväčšie nefinančné podniky. Najväčšie podniky v krajoch. Odvetvia. Automobily. Reklama a médiá. Najväčšie finančné podniky. Verejný sektor.
Gespeichert in:
| Format: | Buchkapitel |
|---|---|
| Sprache: | Slowakisch |
| Schlagworte: | |
| Tags: |
Keine Tags, Fügen Sie das erste Tag hinzu!
|
MARC
| LEADER | 00000naa a2200000 4500 | ||
|---|---|---|---|
| 001 | r046928 | ||
| 005 | 20230921113631.2 | ||
| 041 | 0 | |a slo | |
| 044 | |a SK | ||
| 245 | 1 | 0 | |a Trend Top 2002 - ročenka |
| 520 | |a Výročné ceny Trendu. Najväčšie nefinančné podniky. Najväčšie podniky v krajoch. Odvetvia. Automobily. Reklama a médiá. Najväčšie finančné podniky. Verejný sektor. | ||
| 610 | 2 | 0 | |a spoločnosti finančné |
| 610 | 2 | 0 | |a spoločnosti |
| 610 | 2 | 0 | |a kraje |
| 610 | 2 | 0 | |a odvetvia činnosti ekonomickej |
| 610 | 2 | 0 | |a automobily |
| 610 | 2 | 0 | |a reklama |
| 610 | 2 | 0 | |a médiá |
| 610 | 2 | 0 | |a sektor verejný |
| 610 | 2 | 0 | |a Slovensko |